Your silence = 님의침묵 / (Record no. 356396)
[ view plain ]
| 000 -LEADER | |
|---|---|
| fixed length control field | 00669nam a22002297a 4500 |
| 003 - CONTROL NUMBER IDENTIFIER | |
| control field | SISC |
| 005 - DATE AND TIME OF LATEST TRANSACTION | |
| control field | 20180502154409.0 |
| 008 - FIXED-LENGTH DATA ELEMENTS--GENERAL INFORMATION | |
| fixed length control field | 180502b xxu||||| |||| 00| 0 eng d |
| 020 ## - INTERNATIONAL STANDARD BOOK NUMBER | |
| International Standard Book Number | 8970870040 |
| 020 ## - INTERNATIONAL STANDARD BOOK NUMBER | |
| International Standard Book Number | 8970870008 |
| 050 ## - LIBRARY OF CONGRESS CALL NUMBER | |
| Classification number | PL 992.2 |
| Item number | .H36 1991 |
| 100 ## - MAIN ENTRY--PERSONAL NAME | |
| Personal name | Han, Yong Woon |
| 245 ## - TITLE STATEMENT | |
| Title | Your silence = 님의침묵 / |
| Statement of responsibility, etc | Yong Woon Han = 한용운 |
| 246 ## - VARYING FORM OF TITLE | |
| Title proper/short title | Nim ŭi ch'immuk |
| 260 ## - PUBLICATION, DISTRIBUTION, ETC. (IMPRINT) | |
| Place of publication, distribution, etc | Sŏul-si: |
| Name of publisher, distributor, etc | Miraesa, |
| Date of publication, distribution, etc | 2002. |
| 300 ## - PHYSICAL DESCRIPTION | |
| Extent | 150 pages; |
| Dimensions | 22 cm. |
| 546 ## - LANGUAGE NOTE | |
| Language note | Korean |
| 650 ## - SUBJECT ADDED ENTRY--TOPICAL TERM | |
| Source of heading or term | Library of Congress Subject Headings |
| Topical term or geographic name as entry element | Poetry, Korean |
| 650 ## - SUBJECT ADDED ENTRY--TOPICAL TERM | |
| Source of heading or term | Library of Congress Subject Headings |
| Topical term or geographic name as entry element | Poems, Korean |
| 942 ## - ADDED ENTRY ELEMENTS (KOHA) | |
| Source of classification or shelving scheme | Library of Congress Classification |
| Koha item type | Books |
| Withdrawn status | Lost status | Source of classification or shelving scheme | Damaged status | Home library | Current library | Shelving location | Date acquired | Source of acquisition | Sub Shelving location | Total Checkouts | Full call number | Barcode | Date last seen | Date checked out | Price effective from | Koha item type |
|---|---|---|---|---|---|---|---|---|---|---|---|---|---|---|---|---|
| Library of Congress Classification | Luxembourg Library | Luxembourg Library | International Baccalaureate Section | 05/02/2018 | Library Fund | 1 | PL 992.2 .H36 1991 | IB0259 | 04/29/2024 | 04/29/2024 | 05/02/2018 | Books |